| 000 | 00462nam a2200193Ia 4500 | ||
|---|---|---|---|
| 003 | OSt | ||
| 005 | 20230704121900.0 | ||
| 008 | 210210b1943 xxu||||| |||| 00| 0 eng d | ||
| 040 | _cAL | ||
| 041 | _aeng | ||
| 082 | _a829/419 | ||
| 100 |
_aGALSWORTHY (J) _9125400 |
||
| 245 | _aMan of porperty Vol I | ||
| 260 |
_aLondon _bLongman Green & Co Ltd., _c1943 |
||
| 440 |
_a1 _9125401 |
||
| 690 |
_aEnglish Fiction _9125407 |
||
| 906 | _a017023 | ||
| 942 |
_2ddc _cBK |
||
| 999 |
_c136982 _d136982 |
||